[Event "World Chess Olympiad 2018"]
[Site "Batumi"]
[Date "2018.10.04"]
[Round "10"]
[Board "4"]
[WhiteFideId "13602799"]
[White "Sibashvili Giorgi"]
[BlackFideId "12573981"]
[Black "Firouzja Alireza"]
[Result "1-0"]
[LiveChessVersion "1.4.8"]
[BlackElo "2582"]
[WhiteElo "2425"]

1. d4 {[%clk 1:30:57]} Nf6 {[%clk 1:30:54]} 2. c4 {[%clk 1:31:20]} g6
{[%clk 1:31:19]} 3. Nc3 {[%clk 1:31:38]} Bg7 {[%clk 1:31:44]} 4. e4
{[%clk 1:32:02]} d6 {[%clk 1:32:09]} 5. Nf3 {[%clk 1:32:28]} O-O {[%clk 1:32:31]}
6. Be2 {[%clk 1:32:41]} e5 {[%clk 1:32:48]} 7. O-O {[%clk 1:33:01]} Nc6
{[%clk 1:32:55]} 8. Be3 {[%clk 1:33:16]} Ng4 {[%clk 1:33:01]} 9. Bg5
{[%clk 1:33:40]} f6 {[%clk 1:33:24]} 10. Bh4 {[%clk 1:34:05]} g5 {[%clk 1:33:20]}
11. Bg3 {[%clk 1:34:27]} Nh6 {[%clk 1:33:42]} 12. dxe5 {[%clk 1:34:06]} fxe5
{[%clk 1:33:59]} 13. Nd5 {[%clk 1:33:46]} Nd4 {[%clk 1:17:25]} 14. Nxd4
{[%clk 1:16:14]} exd4 {[%clk 1:17:50]} 15. c5 {[%clk 1:11:54]} c6
{[%clk 1:15:16]} 16. Bc4 {[%clk 1:08:05]} Nf7 {[%clk 1:02:05]} 17. Nc7
{[%clk 1:08:05]} Qxc7 {[%clk 0:58:01]} 18. Bxd6 {[%clk 1:08:27]} Qd8
{[%clk 0:56:57]} 19. f4 {[%clk 1:04:53]} b5 {[%clk 0:44:32]} 20. Bb3
{[%clk 1:04:41]} g4 {[%clk 0:37:37]} 21. e5 {[%clk 0:54:02]} Kh8 {[%clk 0:36:51]}
22. Bxf8 {[%clk 0:53:33]} Qxf8 {[%clk 0:37:16]} 23. Qxd4 {[%clk 0:51:16]} Bf5
{[%clk 0:34:43]} 24. Rad1 {[%clk 0:49:13]} Nh6 {[%clk 0:29:45]} 25. Qf2
{[%clk 0:47:12]} g3 {[%clk 0:24:27]} 26. Qxg3 {[%clk 0:46:24]} Qxc5+
{[%clk 0:23:26]} 27. Qf2 {[%clk 0:46:10]} Bf8 {[%clk 0:22:01]} 28. h3
{[%clk 0:46:02]} Qb4 {[%clk 0:17:44]} 29. Qh4 {[%clk 0:39:50]} Qc5+
{[%clk 0:12:21]} 30. Kh2 {[%clk 0:39:19]} Ng8 {[%clk 0:07:20]} 31. Rc1
{[%clk 0:31:18]} Qe7 {[%clk 0:06:30]} 32. Qg3 {[%clk 0:30:37]} Bh6
{[%clk 0:05:36]} 33. Rxc6 {[%clk 0:30:33]} Be4 {[%clk 0:04:40]} 34. Re6
{[%clk 0:30:20]} Qf8 {[%clk 0:04:54]} 35. Rd6 {[%clk 0:28:24]} Rc8
{[%clk 0:04:00]} 36. Rf2 {[%clk 0:26:34]} Qe7 {[%clk 0:02:24]} 37. f5
{[%clk 0:25:43]} 1-0

[Event "World Chess Olympiad 2018"]
[Site "Batumi"]
[Date "2018.10.04"]
[Round "10"]
[Board "1"]
[WhiteFideId "6302718"]
[White "Yilmaz Mustafa"]
[BlackFideId "4692055"]
[Black "Bogner Sebastian"]
[Result "1-0"]
[LiveChessVersion "1.4.8"]
[BlackElo "2619"]
[WhiteElo "2633"]

1. d4 {[%clk 1:30:58]} Nf6 {[%clk 1:30:54]} 2. c4 {[%clk 1:31:24]} e6
{[%clk 1:31:19]} 3. Nf3 {[%clk 1:31:49]} d5 {[%clk 1:31:32]} 4. Nc3
{[%clk 1:32:14]} Be7 {[%clk 1:31:47]} 5. Bf4 {[%clk 1:31:48]} O-O
{[%clk 1:32:01]} 6. e3 {[%clk 1:31:55]} c5 {[%clk 1:32:17]} 7. dxc5
{[%clk 1:30:48]} Bxc5 {[%clk 1:32:39]} 8. cxd5 {[%clk 1:31:14]} Nxd5
{[%clk 1:33:03]} 9. Nxd5 {[%clk 1:31:41]} exd5 {[%clk 1:33:13]} 10. a3
{[%clk 1:31:29]} Nc6 {[%clk 1:33:33]} 11. Bd3 {[%clk 1:31:49]} Bb6
{[%clk 1:33:26]} 12. O-O {[%clk 1:31:57]} Bg4 {[%clk 1:30:03]} 13. h3
{[%clk 1:32:17]} Bh5 {[%clk 1:28:54]} 14. Bb1 {[%clk 1:32:38]} Re8
{[%clk 1:14:22]} 15. Qd3 {[%clk 1:32:13]} Bg6 {[%clk 1:14:14]} 16. Qb5
{[%clk 1:32:33]} a6 {[%clk 0:51:54]} 17. Qb3 {[%clk 1:28:42]} Na5
{[%clk 0:50:09]} 18. Qa2 {[%clk 1:25:40]} Bxb1 {[%clk 0:41:41]} 19. Raxb1
{[%clk 1:23:48]} Qd7 {[%clk 0:42:06]} 20. Rfd1 {[%clk 1:21:43]} Rad8
{[%clk 0:42:30]} 21. Rd3 {[%clk 1:09:12]} d4 {[%clk 0:26:08]} 22. Rbd1
{[%clk 0:57:00]} Qd5 {[%clk 0:25:03]} 23. Qxd5 {[%clk 0:49:51]} Rxd5
{[%clk 0:25:28]} 24. exd4 {[%clk 0:42:24]} f6 {[%clk 0:21:54]} 25. Kf1
{[%clk 0:38:10]} Kf7 {[%clk 0:21:39]} 26. Bd2 {[%clk 0:30:13]} Nc4
{[%clk 0:17:35]} 27. Bc1 {[%clk 0:22:46]} Re7 {[%clk 0:11:27]} 28. Ng1
{[%clk 0:17:01]} Red7 {[%clk 0:11:05]} 29. Ne2 {[%clk 0:16:19]} Ba7
{[%clk 0:10:59]} 30. Rc3 {[%clk 0:13:12]} Ne5 {[%clk 0:04:52]} 31. Be3
{[%clk 0:13:23]} Nc6 {[%clk 0:04:46]} 32. Rcd3 {[%clk 0:09:18]} Ne5
{[%clk 0:02:10]} 33. Rc3 {[%clk 0:07:27]} Nc6 {[%clk 0:02:36]} 34. g4
{[%clk 0:07:52]} R5d6 {[%clk 0:02:16]} 35. Rd2 {[%clk 0:02:15]} Ke8
{[%clk 0:02:09]} 36. Bf4 {[%clk 0:01:15]} Rd5 {[%clk 0:02:28]} 37. Be3
{[%clk 0:00:47]} R5d6 {[%clk 0:02:57]} 38. Rcd3 {[%clk 0:00:43]} Ne5
{[%clk 0:01:56]} 39. dxe5 {[%clk 0:00:39]} Rxd3 {[%clk 0:02:21]} 40. Rxd3
{[%clk 0:31:05]} Rxd3 {[%clk 0:32:47]} 41. Bxa7 {[%clk 0:28:43]} fxe5
{[%clk 0:28:07]} 42. Be3 {[%clk 0:18:09]} Rb3 {[%clk 0:28:11]} 43. Bc1
{[%clk 0:18:29]} Rxh3 {[%clk 0:27:26]} 44. Kg2 {[%clk 0:16:42]} Rd3
{[%clk 0:27:33]} 45. Nc3 {[%clk 0:16:56]} Ke7 {[%clk 0:26:22]} 46. Be3
{[%clk 0:16:45]} Ke6 {[%clk 0:21:27]} 47. Kf3 {[%clk 0:15:54]} Rd8
{[%clk 0:21:28]} 48. Na4 {[%clk 0:13:05]} Kd5 {[%clk 0:18:05]} 49. Nb6+
{[%clk 0:12:33]} Ke6 {[%clk 0:18:34]} 50. Ke4 {[%clk 0:12:12]} Rd1
{[%clk 0:13:39]} 51. Na4 {[%clk 0:11:44]} b5 {[%clk 0:05:50]} 52. Nc5+
{[%clk 0:11:58]} Kd6 {[%clk 0:06:03]} 53. Nxa6 {[%clk 0:07:38]} Rg1
{[%clk 0:06:30]} 54. f3 {[%clk 0:05:12]} Rb1 {[%clk 0:06:17]} 55. Bc5+
{[%clk 0:02:19]} Kc6 {[%clk 0:06:23]} 56. Kxe5 {[%clk 0:02:24]} Rxb2
{[%clk 0:06:21]} 57. Nb4+ {[%clk 0:02:30]} Kd7 {[%clk 0:06:41]} 58. Nd3
{[%clk 0:01:58]} Rb3 {[%clk 0:04:45]} 59. Ke4 {[%clk 0:02:04]} Ke6
{[%clk 0:01:51]} 60. Bb4 {[%clk 0:01:52]} Rb1 {[%clk 0:02:12]} 61. Nf4+
{[%clk 0:02:01]} Kf7 {[%clk 0:01:25]} 62. Ne2 {[%clk 0:01:54]} Rh1
{[%clk 0:00:36]} 63. Nd4 {[%clk 0:02:06]} h5 {[%clk 0:01:00]} 64. gxh5
{[%clk 0:01:08]} Rxh5 {[%clk 0:01:28]} 65. Bd6 {[%clk 0:01:29]} g6
{[%clk 0:01:18]} 66. Be5 {[%clk 0:01:37]} Rh4+ {[%clk 0:01:47]} 67. f4
{[%clk 0:00:51]} g5 {[%clk 0:01:16]} 68. Nf3 {[%clk 0:00:49]} Rh1
{[%clk 0:00:45]} 69. Nxg5+ {[%clk 0:01:14]} Ke7 {[%clk 0:01:09]} 70. f5
{[%clk 0:01:15]} Re1+ {[%clk 0:00:35]} 71. Kd5 {[%clk 0:01:32]} Rd1+
{[%clk 0:00:53]} 72. Bd4 {[%clk 0:01:33]} Rd3 {[%clk 0:00:36]} 73. f6+
{[%clk 0:01:45]} Kd7 {[%clk 0:00:35]} 74. f7 {[%clk 0:02:00]} 1-0

[Event "World Chess Olympiad 2018"]
[Site "Batumi"]
[Date "2018.10.04"]
[Round "10"]
[Board "2"]
[WhiteFideId "1301837"]
[White "Pelletier Yannick"]
[BlackFideId "6302181"]
[Black "Can Emre"]
[Result "1/2-1/2"]
[LiveChessVersion "1.4.8"]
[BlackElo "2588"]
[WhiteElo "2544"]

1. c4 {[%clk 1:30:55]} e5 {[%clk 1:30:16]} 2. g3 {[%clk 1:30:57]} Nc6
{[%clk 1:30:19]} 3. Bg2 {[%clk 1:31:14]} g6 {[%clk 1:30:20]} 4. Nc3
{[%clk 1:31:20]} Bg7 {[%clk 1:30:37]} 5. d3 {[%clk 1:30:45]} d6 {[%clk 1:30:57]}
6. e4 {[%clk 1:30:55]} f5 {[%clk 1:30:40]} 7. Nge2 {[%clk 1:24:44]} Nf6
{[%clk 1:30:58]} 8. Nd5 {[%clk 1:23:24]} O-O {[%clk 1:24:04]} 9. Bg5
{[%clk 1:22:28]} Ne7 {[%clk 1:22:16]} 10. O-O {[%clk 1:12:55]} fxe4
{[%clk 1:08:22]} 11. dxe4 {[%clk 1:05:59]} Bg4 {[%clk 1:08:04]} 12. h3
{[%clk 0:59:35]} Be6 {[%clk 0:54:44]} 13. Qd3 {[%clk 0:59:49]} c6
{[%clk 0:50:36]} 14. Nxf6+ {[%clk 0:52:46]} Bxf6 {[%clk 0:50:58]} 15. Bh6
{[%clk 0:53:00]} Rf7 {[%clk 0:41:42]} 16. Rfd1 {[%clk 0:47:15]} Qd7
{[%clk 0:35:52]} 17. Qxd6 {[%clk 0:46:15]} Qxd6 {[%clk 0:36:13]} 18. Rxd6
{[%clk 0:46:41]} Bxc4 {[%clk 0:36:32]} 19. Nc3 {[%clk 0:34:07]} Nc8
{[%clk 0:36:48]} 20. Rd2 {[%clk 0:34:30]} Nb6 {[%clk 0:36:34]} 21. b3
{[%clk 0:31:46]} Be6 {[%clk 0:36:54]} 22. Be3 {[%clk 0:32:12]} Rd7
{[%clk 0:34:49]} 23. Rxd7 {[%clk 0:20:22]} Nxd7 {[%clk 0:35:11]} 24. Rc1
{[%clk 0:20:50]} Be7 {[%clk 0:32:13]} 25. Na4 {[%clk 0:20:30]} a5
{[%clk 0:31:58]} 26. Bf1 {[%clk 0:19:57]} Kf7 {[%clk 0:31:22]} 27. Bc4
{[%clk 0:10:56]} Rd8 {[%clk 0:19:06]} 28. Bxe6+ {[%clk 0:11:03]} Kxe6
{[%clk 0:19:29]} 29. Kf1 {[%clk 0:09:29]} Rc8 {[%clk 0:17:04]} 30. Ke2
{[%clk 0:07:02]} b5 {[%clk 0:15:43]} 31. Nb6 {[%clk 0:07:27]} Nxb6
{[%clk 0:15:15]} 32. Bxb6 {[%clk 0:07:54]} Bb4 {[%clk 0:07:40]} 33. Be3
{[%clk 0:08:17]} c5 {[%clk 0:07:26]} 34. Kd3 {[%clk 0:04:59]} Rd8+
{[%clk 0:07:44]} 35. Ke2 {[%clk 0:05:23]} Rc8 {[%clk 0:08:00]} 36. Kd3
{[%clk 0:01:55]} Rd8+ {[%clk 0:08:18]} 37. Ke2 {[%clk 0:01:29]} Rc8
{[%clk 0:08:33]} 1/2-1/2

[Event "World Chess Olympiad 2018"]
[Site "Batumi"]
[Date "2018.10.04"]
[Round "10"]
[Board "3"]
[WhiteFideId "6300014"]
[White "Dastan Muhammed Batuhan"]
[BlackFideId "1300113"]
[Black "Georgiadis Nico"]
[Result "0-1"]
[LiveChessVersion "1.4.8"]
[BlackElo "2522"]
[WhiteElo "2569"]

1. e4 {[%clk 1:30:57]} c5 {[%clk 1:30:51]} 2. Nf3 {[%clk 1:31:21]} d6
{[%clk 1:31:15]} 3. d4 {[%clk 1:31:48]} cxd4 {[%clk 1:31:37]} 4. Nxd4
{[%clk 1:32:14]} Nf6 {[%clk 1:31:57]} 5. Nc3 {[%clk 1:32:40]} g6 {[%clk 1:32:20]}
6. Be3 {[%clk 1:33:03]} Bg7 {[%clk 1:32:42]} 7. f3 {[%clk 1:33:29]} Nc6
{[%clk 1:33:05]} 8. Qd2 {[%clk 1:33:54]} O-O {[%clk 1:33:27]} 9. Bc4
{[%clk 1:34:19]} Bd7 {[%clk 1:33:17]} 10. O-O-O {[%clk 1:34:14]} Rb8
{[%clk 1:33:19]} 11. h4 {[%clk 1:26:03]} b5 {[%clk 1:28:58]} 12. Bb3
{[%clk 1:04:39]} Na5 {[%clk 1:28:31]} 13. h5 {[%clk 1:01:33]} Nc4
{[%clk 1:24:06]} 14. Bxc4 {[%clk 1:00:07]} bxc4 {[%clk 1:24:31]} 15. hxg6
{[%clk 0:49:44]} fxg6 {[%clk 1:24:50]} 16. Bh6 {[%clk 0:49:59]} Qb6
{[%clk 1:24:01]} 17. b3 {[%clk 0:49:43]} cxb3 {[%clk 1:17:24]} 18. axb3
{[%clk 0:46:17]} Bxh6 {[%clk 1:08:52]} 19. Qxh6 {[%clk 0:46:39]} Rf7
{[%clk 1:06:02]} 20. Qg5 {[%clk 0:44:10]} Rc8 {[%clk 0:56:31]} 21. Kb2
{[%clk 0:42:36]} a5 {[%clk 0:54:32]} 22. Rd3 {[%clk 0:34:02]} a4 {[%clk 0:51:28]}
23. Nf5 Bxf5 {[%clk 0:38:40]} 24. exf5 {[%clk 0:34:33]} axb3 {[%clk 0:30:21]} 25.
fxg6 {[%clk 0:34:57]} bxc2+ {[%clk 0:30:02]} 26. Kxc2 {[%clk 0:35:24]} hxg6
{[%clk 0:16:56]} 27. Rh6 {[%clk 0:35:49]} Qf2+ {[%clk 0:14:01]} 28. Rd2
{[%clk 0:35:20]} Qa7 {[%clk 0:13:56]} 29. Rxg6+ {[%clk 0:32:41]} Kf8
{[%clk 0:14:23]} 30. Qb5 {[%clk 0:29:16]} Rh7 {[%clk 0:09:11]} 31. Kd3
{[%clk 0:15:37]} Rc5 {[%clk 0:05:23]} 32. Qb3 {[%clk 0:15:39]} Qa6+
{[%clk 0:05:31]} 33. Ke3 {[%clk 0:15:27]} Rh1 {[%clk 0:03:57]} 34. Ne4
{[%clk 0:09:38]} Re5 {[%clk 0:01:34]} 35. Kf4 {[%clk 0:07:09]} Rxe4+
{[%clk 0:00:51]} 36. fxe4 {[%clk 0:07:30]} Qf1+ {[%clk 0:01:01]} 37. Qf3
{[%clk 0:07:11]} Qc1 {[%clk 0:01:23]} 38. Qd3 {[%clk 0:03:13]} Qa1
{[%clk 0:00:39]} 39. Rg3 {[%clk 0:00:32]} Nh5+ {[%clk 0:00:44]} 0-1

[Event "World Chess Olympiad 2018"]
[Site "Batumi"]
[Date "2018.10.04"]
[Round "10"]
[Board "4"]
[WhiteFideId "1319620"]
[White "Studer Noel"]
[BlackFideId "6300545"]
[Black "Sanal Vahap"]
[Result "1/2-1/2"]
[LiveChessVersion "1.4.8"]
[BlackElo "2502"]
[WhiteElo "2484"]

1. d4 {[%clk 1:30:57]} Nf6 {[%clk 1:30:48]} 2. c4 {[%clk 1:31:23]} e6
{[%clk 1:31:10]} 3. g3 {[%clk 1:31:49]} d5 {[%clk 1:31:24]} 4. Nf3
{[%clk 1:32:14]} Be7 {[%clk 1:31:32]} 5. Bg2 {[%clk 1:30:59]} O-O
{[%clk 1:31:50]} 6. O-O {[%clk 1:31:11]} c6 {[%clk 1:32:11]} 7. Qb3
{[%clk 1:31:08]} b6 {[%clk 1:29:50]} 8. Rd1 {[%clk 1:26:39]} Bb7 {[%clk 1:29:13]}
9. Nc3 {[%clk 1:24:43]} Nbd7 {[%clk 1:29:11]} 10. Bf4 {[%clk 1:22:11]} Nh5
{[%clk 1:29:01]} 11. Bd2 {[%clk 1:22:08]} Nhf6 {[%clk 1:28:23]} 12. Rac1
{[%clk 1:21:54]} Rc8 {[%clk 1:27:19]} 13. Ne1 {[%clk 1:17:12]} c5
{[%clk 1:20:26]} 14. cxd5 {[%clk 1:12:02]} cxd4 {[%clk 1:17:59]} 15. d6
{[%clk 1:05:32]} Bxg2 {[%clk 0:55:01]} 16. dxe7 {[%clk 1:02:50]} Qxe7
{[%clk 0:54:43]} 17. Nxg2 {[%clk 1:03:14]} dxc3 {[%clk 0:52:34]} 18. Bxc3
{[%clk 1:03:33]} Nd5 {[%clk 0:49:45]} 19. Bd4 {[%clk 1:02:37]} N7f6
{[%clk 0:47:15]} 20. Rc4 {[%clk 0:51:51]} e5 {[%clk 0:43:29]} 21. Be3
{[%clk 0:48:09]} h6 {[%clk 0:32:38]} 22. Rxc8 {[%clk 0:40:32]} Rxc8
{[%clk 0:32:59]} 23. Rxd5 {[%clk 0:40:57]} Nxd5 {[%clk 0:33:21]} 24. Qxd5
{[%clk 0:41:22]} Rd8 {[%clk 0:32:31]} 25. Qb3 {[%clk 0:41:47]} Qe6
{[%clk 0:32:29]} 26. Qc2 {[%clk 0:29:53]} Qxa2 {[%clk 0:23:44]} 27. f3
{[%clk 0:27:47]} Qe6 {[%clk 0:13:49]} 28. g4 {[%clk 0:26:45]} Rc8
{[%clk 0:13:04]} 29. Qe4 {[%clk 0:25:53]} Qc4 {[%clk 0:12:39]} 30. Qb7
{[%clk 0:26:09]} Qc7 {[%clk 0:12:13]} 31. Qa6 {[%clk 0:20:36]} Qd7
{[%clk 0:11:08]} 32. Kf2 {[%clk 0:17:34]} e4 {[%clk 0:10:58]} 33. Ne1
{[%clk 0:13:16]} Re8 {[%clk 0:09:07]} 34. h3 {[%clk 0:11:13]} Qe7
{[%clk 0:08:26]} 35. Ng2 {[%clk 0:11:03]} exf3 {[%clk 0:08:27]} 36. exf3
{[%clk 0:11:32]} Qc7 {[%clk 0:08:05]} 37. Bd4 {[%clk 0:04:51]} Qc2+
{[%clk 0:07:31]} 38. Kg3 {[%clk 0:05:17]} Rd8 {[%clk 0:06:45]} 39. Bc3
{[%clk 0:04:45]} Qd1 {[%clk 0:05:20]} 40. Qxa7 {[%clk 0:34:52]} Qd6+
{[%clk 0:35:46]} 41. f4 {[%clk 0:27:00]} Qd3+ {[%clk 0:33:46]} 42. Kh2
{[%clk 0:27:22]} Qf3 {[%clk 0:33:41]} 43. Qc7 {[%clk 0:09:23]} Rd3
{[%clk 0:33:36]} 44. Qc8+ {[%clk 0:09:51]} Kh7 {[%clk 0:34:02]} 45. Qf5+
{[%clk 0:10:17]} Kg8 {[%clk 0:34:31]} 46. Qc8+ {[%clk 0:10:40]} 1/2-1/2

[Event "World Chess Olympiad 2018"]
[Site "Batumi"]
[Date "2018.10.04"]
[Round "10"]
[Board "1"]
[WhiteFideId "2101246"]
[White "Leitao Rafael"]
[BlackFideId "4201345"]
[Black "Papaioannou Ioannis"]
[Result "1/2-1/2"]
[LiveChessVersion "1.4.8"]
[BlackElo "2634"]
[WhiteElo "2620"]

1. d4 {[%clk 1:30:54]} Nf6 {[%clk 1:30:50]} 2. c4 {[%clk 1:31:15]} e6
{[%clk 1:31:12]} 3. Nf3 {[%clk 1:31:04]} c5 {[%clk 1:31:03]} 4. d5
{[%clk 1:31:01]} d6 {[%clk 1:31:24]} 5. Nc3 {[%clk 1:30:52]} exd5
{[%clk 1:31:46]} 6. cxd5 {[%clk 1:31:09]} g6 {[%clk 1:32:08]} 7. g3
{[%clk 1:27:44]} Bg7 {[%clk 1:32:20]} 8. Bg2 {[%clk 1:28:06]} O-O
{[%clk 1:32:41]} 9. O-O {[%clk 1:28:32]} Nbd7 {[%clk 1:32:40]} 10. Re1
{[%clk 1:23:37]} Ng4 {[%clk 1:31:15]} 11. h3 {[%clk 1:06:21]} Nge5
{[%clk 1:30:52]} 12. Nd2 {[%clk 0:54:18]} f5 {[%clk 1:27:59]} 13. f4
{[%clk 0:51:42]} Nf7 {[%clk 1:28:22]} 14. e4 {[%clk 0:52:01]} fxe4
{[%clk 1:23:38]} 15. Ndxe4 {[%clk 0:52:10]} a6 {[%clk 1:19:05]} 16. a4
{[%clk 0:51:57]} Rb8 {[%clk 1:16:18]} 17. Be3 {[%clk 0:37:59]} b5
{[%clk 1:12:57]} 18. axb5 {[%clk 0:38:24]} axb5 {[%clk 1:13:22]} 19. Bf2
{[%clk 0:25:59]} b4 {[%clk 1:13:21]} 20. Na4 {[%clk 0:26:22]} Bb7
{[%clk 1:09:47]} 21. Nd2 {[%clk 0:22:59]} Ra8 {[%clk 1:03:17]} 22. Nc4
{[%clk 0:22:52]} Ba6 {[%clk 1:02:01]} 23. Bf1 {[%clk 0:22:56]} g5
{[%clk 0:58:37]} 24. Re6 {[%clk 0:21:42]} Bxc4 {[%clk 0:58:19]} 25. Bxc4
{[%clk 0:22:05]} gxf4 {[%clk 0:58:41]} 26. gxf4 {[%clk 0:22:27]} Nh6
{[%clk 0:58:39]} 27. Qd2 {[%clk 0:09:52]} Nf5 {[%clk 0:58:15]} 28. Kh1
{[%clk 0:10:02]} Kh8 {[%clk 0:58:15]} 29. Bb5 {[%clk 0:09:47]} Nb6
{[%clk 0:56:30]} 30. Ree1 {[%clk 0:07:44]} Nxa4 {[%clk 0:54:47]} 31. Rxa4
{[%clk 0:07:48]} Rxa4 {[%clk 0:54:54]} 32. Bxa4 {[%clk 0:08:15]} Qf6
{[%clk 0:54:56]} 33. Re2 {[%clk 0:05:22]} Qh6 {[%clk 0:51:03]} 34. Kh2
{[%clk 0:05:19]} Nd4 {[%clk 0:48:51]} 35. Bxd4 {[%clk 0:04:31]} Bxd4
{[%clk 0:49:15]} 36. b3 {[%clk 0:03:58]} Rg8 {[%clk 0:45:32]} 37. Rg2
{[%clk 0:02:46]} Rxg2+ {[%clk 0:45:34]} 38. Kxg2 {[%clk 0:02:41]} Qg6+
{[%clk 0:45:59]} 39. Kf3 {[%clk 0:02:28]} Qf5 {[%clk 0:44:19]} 40. Kg3
{[%clk 0:32:38]} Qg6+ {[%clk 1:03:55]} 41. Kf3 {[%clk 0:31:43]} Qf7
{[%clk 1:02:50]} 42. Qc2 {[%clk 0:28:13]} Qh5+ {[%clk 1:02:12]} 43. Kg3
{[%clk 0:28:26]} Qxd5 {[%clk 1:02:06]} 44. Qe2 {[%clk 0:28:16]} Bf6
{[%clk 1:01:38]} 45. Qf3 {[%clk 0:13:49]} Qd4 {[%clk 1:00:55]} 46. Bc6
{[%clk 0:10:51]} Qg1+ {[%clk 0:58:06]} 47. Qg2 {[%clk 0:11:18]} Qe3+
{[%clk 0:57:53]} 48. Qf3 {[%clk 0:10:28]} Qe1+ {[%clk 0:58:16]} 49. Kg4
{[%clk 0:06:45]} Qe6+ {[%clk 0:54:14]} 50. Kg3 {[%clk 0:07:11]} Bd4
{[%clk 0:47:18]} 51. Bd5 {[%clk 0:05:51]} Qe1+ {[%clk 0:46:32]} 52. Kg4
{[%clk 0:06:17]} c4 {[%clk 0:42:56]} 53. Bxc4 {[%clk 0:03:59]} Qg1+
{[%clk 0:41:02]} 54. Qg3 {[%clk 0:04:24]} h5+ {[%clk 0:33:32]} 55. Kf3
{[%clk 0:04:50]} Qe3+ {[%clk 0:31:33]} 56. Kg2 {[%clk 0:05:17]} Qd2+
{[%clk 0:31:16]} 57. Kh1 {[%clk 0:05:32]} Qd1+ {[%clk 0:28:57]} 1/2-1/2

[Event "World Chess Olympiad 2018"]
[Site "Batumi"]
[Date "2018.10.04"]
[Round "10"]
[Board "2"]
[WhiteFideId "4202031"]
[White "Banikas Hristos"]
[BlackFideId "2107139"]
[Black "Fier Alexandr"]
[Result "1-0"]
[LiveChessVersion "1.4.8"]
[BlackElo "2558"]
[WhiteElo "2601"]

1. d4 {[%clk 1:30:56]} Nf6 {[%clk 1:30:56]} 2. c4 {[%clk 1:31:20]} e6
{[%clk 1:31:23]} 3. g3 {[%clk 1:31:44]} d5 {[%clk 1:31:16]} 4. Bg2
{[%clk 1:32:08]} dxc4 {[%clk 1:29:32]} 5. Nf3 {[%clk 1:32:19]} Bd7
{[%clk 1:29:18]} 6. Ne5 {[%clk 1:29:20]} Bc6 {[%clk 1:29:43]} 7. Nxc6
{[%clk 1:28:01]} Nxc6 {[%clk 1:30:07]} 8. O-O {[%clk 1:27:35]} Qd7
{[%clk 1:30:34]} 9. e3 {[%clk 1:26:58]} Rd8 {[%clk 1:30:58]} 10. Qe2
{[%clk 1:22:36]} e5 {[%clk 1:31:23]} 11. Rd1 {[%clk 1:08:35]} Qe6
{[%clk 1:24:31]} 12. Qf1 {[%clk 1:03:36]} Be7 {[%clk 1:19:16]} 13. Nc3
{[%clk 0:58:02]} exd4 {[%clk 1:18:12]} 14. exd4 {[%clk 0:57:58]} Nxd4
{[%clk 1:18:03]} 15. Bf4 {[%clk 0:57:30]} O-O {[%clk 1:14:30]} 16. Re1
{[%clk 0:51:48]} Qd7 {[%clk 1:14:46]} 17. Rad1 {[%clk 0:51:55]} c5
{[%clk 1:12:44]} 18. Bh3 {[%clk 0:45:29]} Qe8 {[%clk 1:09:25]} 19. Qg2
{[%clk 0:37:05]} Rd7 {[%clk 0:55:15]} 20. Bxd7 {[%clk 0:35:54]} Qxd7
{[%clk 0:55:41]} 21. Be5 {[%clk 0:36:17]} Ng4 {[%clk 0:52:11]} 22. Bxd4
{[%clk 0:28:55]} cxd4 {[%clk 0:52:34]} 23. Qd5 {[%clk 0:29:06]} Qxd5
{[%clk 0:52:08]} 24. Nxd5 {[%clk 0:29:32]} Bc5 {[%clk 0:52:34]} 25. b4
{[%clk 0:30:00]} cxb3 {[%clk 0:51:04]} 26. h3 {[%clk 0:30:26]} Nf6
{[%clk 0:50:55]} 27. Nxf6+ {[%clk 0:30:43]} gxf6 {[%clk 0:51:20]} 28. axb3
{[%clk 0:31:09]} a5 {[%clk 0:50:37]} 29. Re4 {[%clk 0:31:03]} Rd8
{[%clk 0:50:51]} 30. Rd3 {[%clk 0:30:53]} b5 {[%clk 0:50:54]} 31. Rg4+
{[%clk 0:28:57]} Kf8 {[%clk 0:51:20]} 32. Rh4 {[%clk 0:29:24]} a4
{[%clk 0:41:33]} 33. Rh5 {[%clk 0:26:40]} Rc8 {[%clk 0:39:56]} 34. bxa4
{[%clk 0:25:35]} bxa4 {[%clk 0:40:22]} 35. Kf1 {[%clk 0:25:10]} Ke7
{[%clk 0:38:32]} 36. Ke2 {[%clk 0:23:41]} Kd6 {[%clk 0:36:54]} 37. Rf5
{[%clk 0:23:44]} Ra8 {[%clk 0:36:49]} 38. Rxf6+ {[%clk 0:23:28]} Ke5
{[%clk 0:37:13]} 39. Rdf3 {[%clk 0:23:02]} d3+ {[%clk 0:24:29]} 40. Kxd3
{[%clk 0:53:05]} Rd8+ {[%clk 0:54:56]} 41. Kc4 {[%clk 0:52:33]} Bd6
{[%clk 0:55:16]} 42. Rxf7 {[%clk 0:51:53]} Rc8+ {[%clk 0:55:42]} 43. Kd3
{[%clk 0:43:04]} a3 {[%clk 0:56:07]} 44. R3f5+ {[%clk 0:43:17]} Ke6
{[%clk 0:56:33]} 45. R5f6+ {[%clk 0:43:41]} Kd5 {[%clk 0:55:45]} 46. Rd7
{[%clk 0:44:01]} Rc6 {[%clk 0:56:13]} 47. Rfxd6+ {[%clk 0:44:18]} Rxd6
{[%clk 0:56:40]} 48. Rxd6+ {[%clk 0:44:39]} Kxd6 {[%clk 0:57:08]} 49. Kc3
{[%clk 0:44:21]} Kd5 {[%clk 0:57:33]} 50. f4 {[%clk 0:43:25]} Ke4
{[%clk 0:58:00]} 51. Kb3 {[%clk 0:43:41]} h5 {[%clk 0:58:27]} 52. h4
{[%clk 0:44:07]} Kf5 {[%clk 0:58:06]} 53. Kxa3 {[%clk 0:44:09]} Kg4
{[%clk 0:58:31]} 54. Kb3 {[%clk 0:44:37]} 1-0